Zwycięzcy wyścigów F1 w latach 2011-2020 - Statystyki

Ogólne statystyki
  • Ten quiz został rozwiązany 640 razy
  • Średni wynik to 11 z 14
Statystyki odpowiedzi
Liczba Zwycięstw Kierowca % Poprawnych
81 Lewis Hamilton
100%
43 Sebastian Vettel
98%
10 Max Verstappen
95%
6 Fernando Alonso
93%
9 Valtteri Bottas
88%
23 Nico Rosberg
87%
3 Kimi Raikkonen
86%
2 Charles Leclerc
81%
7 Daniel Ricciardo
81%
1 Sergio Perez
79%
1 Pierre Gasly
74%
6 Jenson Button
72%
3 Mark Webber
66%
1 Pastor Maldonado
48%
Nie znaleziono quizów pasujących do podanych kryteriów
Rozkład punktacji
Procent ludzi z każdym wynikiem
Percentyl według liczby udzielonych odpowiedzi
Twoja historia wyników
Nie rozwiązałeś tego quizu